Yellow (Registro nro. 314769)

Detalles MARC
000 -ENCABEZADO
Número de control [NR] 00855 a2200229 4500
005 - FECHA Y HORA DE LA ÚLTIMA TRANSACCIÓN
control field 20190821072147.0
008 - DE LONGITUD FIJA DE DATOS DE ELEMENTOS - INFORMACIÓN GENERAL
Elementos de longitud fija [NR] 190820s2018 ck ||||| |||| 00| 0 spa d
020 ## - NUMERO INTERNACIONAL NORMALIZADO PARA LIBROS [R]
Número Internacional Normalizado del libro [NR] 9789585477209
040 ## - FUENTE DE CATALOGACION [NR]
Agencia de catalogación original [NR] CO-BoUCM
Idioma de catalogación [NR] spa
Quien Cataloga Saul Niño
Quien Clasifica Saul Niño
041 1# - CODIGO DE IDIOMA [R]
Código de idioma para texto/pista de sonido o título separado [R] Español
100 10 - ASIENTO PRINCIPAL--NOMBRE PERSONAL [NR]
Nombre personal [NR] Gómez, David
ID Autoridad 98129
245 10 - MENCION DE TITULO [NR]
Título [NR] Yellow
Parte restante del título [NR] cómo crear una cultura de servicio y ponerse la camiseta por los clientes
Mención de responsabilidad, etc. [NR] David Gómez
260 ## - PUBLICACION, DISTRIBUCION, ETC. (PIE DE IMPRENTA) [R]
Lugar de publicación, distribución, etc. [R] Bogotá (Colombia)
Nombre del editor, distribuidor, etc. [R] Ediciones B
-- Penguin Random House
Fecha de publicación, distribución, etc. [R] 2018
300 ## - DESCRIPCION FISICA [R]
Extensión [R] 148 páginas
650 #7 - ASIENTO SECUNDARIO DE MATERIA - TERMINO TEMATICO [R]
9 (RLIN) 8040
Término temático o nombre geográfico como elemento de entrada [NR] Relaciones con los clientes
650 #7 - ASIENTO SECUNDARIO DE MATERIA - TERMINO TEMATICO [R]
9 (RLIN) 24256
Término temático o nombre geográfico como elemento de entrada [NR] Servicio al cliente
650 #7 - ASIENTO SECUNDARIO DE MATERIA - TERMINO TEMATICO [R]
9 (RLIN) 24031
Término temático o nombre geográfico como elemento de entrada [NR] Satisfacción del consumidor
650 #7 - ASIENTO SECUNDARIO DE MATERIA - TERMINO TEMATICO [R]
9 (RLIN) 10738
Término temático o nombre geográfico como elemento de entrada [NR] Chóferes de taxi
Subdivisión general [R] Estudio de casos
650 #7 - ASIENTO SECUNDARIO DE MATERIA - TERMINO TEMATICO [R]
9 (RLIN) 435
Término temático o nombre geográfico como elemento de entrada [NR] Administración de empresas
942 ## - ELEMENTOS DE ENTRADA AGREGADOS (KOHA)
Tipo de ítem principal el descrito en 300a Libro
Sistema de clasificación DEWEY
Tema principal Administración
Edición 1
Clasificación 658.812
Parte restante de la signatura top. G569c
Existencias
Fecha de último préstamo Total préstamos Total Renewals Signatura topográfica Código de barras Última vez visto Ejemplar Costo de reposición Price effective from Tipo de ítem Perdido Sistema de clasificación Dañado No prestable Tipo de ítem específico Suprimido Ubicación habitual Ubicación actual Localización Fecha de creación Proveedor Forma de adquisición Costo
15/02/2020 2 2 658.812 G569c 100163104 04/12/2025 Ej.1 31900.00 16/08/2019 Libro   DEWEY     Libro   Claustro Claustro 4to piso 16/08/2019 37 Compra 31900.00